000 01472nam a2200361 i 4500
001 000040996
003 DO-SdBNP
005 20250715134238.0
007 ta
008 090717s2014 dr c r 000 0 spa d
020 _z9789945443622
040 _aDO-SdBNP
_bspa
_cBNPHU
_erda
041 _aspa
082 4 _a306.097293
_bV145c, 2014
_222
100 1 _aValdez Albizu, Héctor,
_d1947-
_912322
245 1 3 _aLa cultura en el Banco Central :
_bdiscursos 2012-2014 /
_cHéctor Valdez Albizu ; presentación, José Alcántara Almánzar.
264 1 _aSanto Domingo :
_bBanco Central de la República Dominicana,
_c2014.
300 _a129 páginas :
_bretratos ;
_c23 cm.
336 _atexto
_btxt
_2rdacontent
337 _asin mediación
_bn
_2rdamedia
338 _avolumen
_bnc
_2rdacarrier
490 1 _aBanco Central de la República Dominicana
_v200
490 1 _aArte y literatura
_v68
500 _aIncluye datos biografícos del autor en las solapas.
590 _aInventariado, 2018/MFF
610 2 _aBanco Central de la República Dominicana
_983405
650 4 _aCultura
_zRepública Dominicana
_xEnsayos, conferencias, etc.
_927116
650 4 _aArtes
_zRepública Dominicana
_xHistoria
_967427
_vEnsayos, conferencias, etc,
700 1 _aAlcántara Almánzar, José,
_d1946-
_epresentación
_97018
830 0 _aBanco Central de la República Dominicana
_n200
_pArte y literatura
_n68
_967428
910 _aValidado. Control de calidad. MFF
942 _2ddc
_cLBS1
999 _c40486
_d40486